|
|
|
|
| LEADER |
00000nab a2200000 a 4500 |
| 001 |
vtls000708230 |
| 003 |
SK-MaSNL |
| 005 |
20260305001635.0 |
| 008 |
140414c1999 xo 0 slo |
| 015 |
|
|
|a SNBRB1999/10-22662
|
| 035 |
|
|
|a CLN000060397
|
| 040 |
|
|
|a SNKBUCL
|b slo
|c SNKBUCL
|e AACR2
|
| 041 |
0 |
|
|a slo
|
| 044 |
|
|
|a xo
|c SK
|
| 080 |
|
|
|a 618.1-002.828-07
|2 1997
|
| 245 |
0 |
0 |
|a Naše prvé skúsenosti s diagnostikou chlamýdií pomocou polymerázovej reťazovej reakcie u gynekologických pacientok
|c J. Šimko ... [et al.]
|
| 504 |
|
|
|a Bibliogr. odkazy
|
| 650 |
0 |
7 |
|a chlamýdiové infekcie
|2 SNKPH
|9 725570
|
| 650 |
0 |
7 |
|a gynekológia
|2 SNKPH
|9 2474
|
| 650 |
0 |
7 |
|a polymerázová reťazová reakcia
|2 SNK
|9 70049
|
| 655 |
|
7 |
|a články z novín a časopisov
|2 SNK
|9 267496
|
| 700 |
1 |
|
|a Šimko, J.
|4 aut
|9 5205
|
| 700 |
1 |
|
|a Regendová, M.
|4 aut
|9 1188686
|
| 700 |
1 |
|
|a Kazár, Ján,
|d 1939-2021
|4 aut
|9 218140
|
| 700 |
1 |
|
|a Kováčová, E.
|4 aut
|9 404085
|
| 700 |
1 |
|
|a Poláková, L.
|4 aut
|9 774723
|
| 700 |
1 |
|
|a Križko, Marián,
|d 1949-
|4 aut
|9 217399
|
| 700 |
1 |
|
|a Holomáň, Karol,
|d 1945-2019
|4 aut
|9 89070
|
| 773 |
0 |
|
|t Bratislavské lekárske listy
|g Roč. 100, č. 7 (1999), s. 405-406
|x 0006-9248
|
| 850 |
|
|
|a Slovenská národná knižnica v Martine
|
| 852 |
|
|
|a SNK
|b KIS3GCP
|
| 958 |
|
|
|a MI
|
| 958 |
|
|
|a NB
|
| 992 |
|
|
|a RBX
|
| 999 |
|
|
|c 3220439
|d 3222369
|